“云吞”地点数量≥300的地级行政区 Prefectures with ≥300 "Yuntun" sites - Statistics

General Stats
  • This quiz has been taken 47 times
  • The average score is 13 of 18
Answer Stats
地级行政区 数量 % Correct
广州 2723
98%
深圳 851
98%
佛山 1159
93%
东莞 926
90%
惠州 510
90%
江门 704
85%
中山 585
85%
湛江 456
83%
上海 385
83%
茂名 503
80%
肇庆 976
78%
清远 454
73%
南宁 850
66%
柳州 339
51%
云浮 313
51%
天津 568
34%
玉林 480
27%
贵港 349
17%
No matching quizzes found
Score Distribution
Percent of People with Each Score
Percentile by Number Answered
Your Score History
You have not taken this quiz